000 00773nam a2200265Ia 4500
003 OSt
005 20221006140837.0
006 a|||||r|||| 00| 0
007 ta
008 221006b |||||||| |||| 00| 0 jpn d
020 _a9784653037293
_c¥2300
024 _a756
037 _bGift, Japan Foundation
_cTextual
040 _aEASL
_cEASL
_bjpn
041 _2jpn
_ajpn
082 _aO42,3:(MV42), P0
100 _aKOKUBUNGAKU KENKYU SHIRYOKAN Ed.
_9642773
245 0 _aGunki monogatari to sono gekika
260 _aKyoto
_bRingawa Shoten Japan
_c2000
300 _a228p.
_ccm.
490 _v JL
650 _aJL
942 _hO42,3:(MV42), P0
_cTEXL
_2CC
999 _c1068842
_d1068842